Synové noci /

Na osudech dvou bratrů na různých stranách barikády zobrazuje román české autorky dějinný vývoj po nastolení komunistického režimu v Rusku.

Uloženo v:
Hlavní autor: Prášková, Markéta, 1981- (Autor)
Médium: Kniha
Jazyk:Czech
Vydáno: Brno : MOBA, 2025
Vydání:Vydání první
Témata:
Celkem bylo vypůjčeno:0x
Tagy:
Žádné tagy
LEADER 02218nam a2200373 i 4500
001 106352
003 CZ PrNK
005 20260514102442.0
007 ta
008 251013s2025 xr g 000 f cze
015 |a cnb003711163 
020 |a 9788027920914  |q (vázáno) 
040 |a ABG001  |b cze  |e rda 
072 7 |a 821.162.3-3  |x Česká próza  |2 Konspekt  |9 25 
080 |a 821.162.3-31  |2 MRF 
080 |a (0:82-311.6)  |2 MRF 
100 1 |a Prášková, Markéta,  |d 1981-  |7 xx0062770  |4 aut  |9 114017 
245 1 0 |a Synové noci /  |c Markéta Prášková 
250 |a Vydání první 
264 1 |a Brno :  |b MOBA,  |c 2025 
300 |a 430 stran ;  |c 21 cm 
336 |a text  |b txt  |2 rdacontent 
337 |a bez média  |b n  |2 rdamedia 
338 |a svazek  |b nc  |2 rdacarrier 
504 |a Obsahuje bibliografii 
520 2 |a Na osudech dvou bratrů na různých stranách barikády zobrazuje román české autorky dějinný vývoj po nastolení komunistického režimu v Rusku.  |b Petrohrad 1917. Dva bratři na opačných stranách revoluce - jeden s nadšením věří v nový řád, druhý v něm vidí tragédii. Když se nad Petrohradem rozezní první výstřely a rudá vlna zaplaví ulice, změní se nejen mapa světa, ale i jejich osudy. Zatímco první pomáhá budovat Sovětský svaz, druhý prchá do Evropy, do právě vzniklé Československé republiky. Je jejich život navždy rozdělen, nebo se mohou jejich cesty v dobách válek, hladu a politických čistek znovu zkřížit? O několik desítek let později v zapadlém bytě na Kazaňské ulici zazvoní zvonek. Starý muž pohlédne do očí cizinci, jehož rysy mu připomínají, koho kdysi ztratil. Nastává chvíle poslední životní zpovědi - příběh vášně, lásky, viny a životních rozhodnutí, která už nelze vzít zpět. Nakladatelská anotace. 
655 7 |a české romány  |7 fd133974  |2 czenas  |9 54031 
655 7 |a historické romány  |7 fd132414  |2 czenas  |9 53624 
655 9 |a Czech fiction  |2 eczenas 
655 9 |a historical novels  |2 eczenas 
910 |a UOG502 
942 |2 ddc  |c KN 
999 |d 106352 
993 |0 0  |1 421180107073  |2 ddc  |4 0  |7 0  |9 99735  |b 0  |c 107073  |d 2026-05-14  |e 0  |f DOSP  |h 449.00  |i Koupě  |l DOSP  |r 2026-05-14  |t 6  |w 2026-05-14  |y KN  |z BELET  |n